书目信息 |
| 题名: |
中国舞精选教材
|
|
| 作者: | 高洁 著 | |
| 分册: | ||
| 出版信息: | 北京 人民音乐出版社 2001 |
|
| 页数: | 153 | |
| 开本: | 26cm | |
| 丛书名: | ||
| 单 册: | ||
| 中图分类: | J72 | |
| 科图分类: | ||
| 主题词: | 舞蹈艺术--中国 , 舞剧--中国 | |
| 电子资源: | ||
| ISBN: | 7-103-02123-6 | |
| 000 | 00537nam0 2200193 450 | |
| 001 | 0758474734 | |
| 005 | 20070817161434.73 | |
| 010 | @a7-103-02123-6@dCNY 20.00 | |
| 100 | @a20070817d km y0chiy0120 ea | |
| 101 | 0 | @achi |
| 200 | 1 | @a中国舞精选教材@Azhong guo wu jing xuan jiao cai@f高洁著@Fgao jie zhu |
| 210 | @a北京@c人民音乐出版社@d2001 | |
| 215 | @a153@c插图@d26cm | |
| 606 | 0 | @a舞蹈艺术@x中国 |
| 606 | 0 | @a舞剧@x中国 |
| 690 | @aJ72@v3 | |
| 701 | 0 | @a高洁@Agao jie@4著 |
| 801 | 0 | @aCN@bPFT@c20070817 |
| 905 | @a213230@dJ72@eY2@f1 | |
| 中国舞精选教材/高洁著.-北京:人民音乐出版社,2001 |
| 153:插图;26cm |
| ISBN 7-103-02123-6:CNY 20.00 |
| ● |
| 相关链接 |
|
|
|
|
正题名:中国舞精选教材
索取号:J72/Y2
 
预约/预借
| 序号 | 登录号 | 条形码 | 馆藏地/架位号 | 状态 | 备注 |
| 1 | 7401166 | 274011669 | 音乐系资料室/ [索取号:J72/Y2] | 在馆 | |
| 2 | 7401167 | 274011678 | 密集书库-音乐系/ [索取号:J72/Y2] | 在馆 | |
| 3 | 7401168 | 274011687 | 密集书库-音乐系/ [索取号:J72/Y2] | 在馆 |